Political Parties and Democracy /

Guardado en:
Bibliografiske detaljer
Hovedforfatter: Diamond, Larry
Andre forfattere: ed. Gunther, Richard ed
Format: Texto
Udgivet: Baltimore, Maryland: The Johns Hopkins University Press
Fag:
Tags: Tilføj Tag
Ingen Tags, Vær først til at tagge denne postø!

MARC

LEADER 00000 a a2200000 04500
001 28523
003
040
020 |a 0-8018-6863-7  
090 |a 188803  
100 |a Diamond, Larry  
245 |a Political Parties and Democracy /  |c Larry Diamond 
260 |a Baltimore, Maryland:   |b The Johns Hopkins University Press  
300 |a 356 p  
650 |a DESARROLLO POLITICO  
650 |a IDEOLOGIAS POLITICAS  
650 |a PARTIDOS POLITICOS  
650 |a DOCTRINAS POLITICAS  
650 |a MARXISMO  
700 |a ed.   |a Gunther, Richard   |a ed.  
999 |c 14617  |d 14617